00871 2200313 4500001002100000005001500021035002000036007000300056008004100059040001700100100001100117245007000128250001000198300005100208020002200259041000800281082001000289084001600299090002300315260003400338600002800372650002800400700002700428850001000455990002300465990002300488990002300511990002300534INLIS00000000000236220260602020120 a0010-0220000213ta260602 0  aSBPUPADbInd0 aYohana1 aDompet dan Tas Rajut Inspiratif /cYohana, Editor: Berliyandy T.R aCet.1 a61 hlm. :bilus. ;c21 CmeBibliografi, hlm 62 a978-602-1656-53-20 aInd a746.4 a746.4 YOH d a746.4 YOH d T 15-4 aSurabaya :bTiara Aksa,c2016 4aMenggambar dan Dekorasi 4aMenggambar dan Dekorasi0 aEditor: Berliyandy T.R aPUPAD a30.813/APBD/DPK/19 a30.812/APBD/DPK/19 a30.811/APBD/DPK/19 a30.814/APBD/DPK/19